000
00284nam a2200121Ia 4500
005
20251222141845.0
008
251222s9999||||xx |||||||||||||| ||spa||
020
_a
84-7291-701-0
082
_a
828.82/D73A
100
_a
"Dickens, Charles"
245
0
_a
Canción de navidad
942
_c
LIB
999
_c
7551
_d
7551